History Quiz

Random History or Year Quiz

Historical Events of 1990 Quiz Stats

 Plays Quiz Updated Mar 29, 2019

Score 0/24 Timer 07:00
6 Plays Today
Date Answer % Correct
February 11thNelson Mandela
94.9%
January 31stMcDonalds
94.7%
October 3rdGermany
85.5%
June 3rdtornados
84.9%
November 28thMargaret Thatcher
84.7%
October 15thNobel Peace Prize
84.5%
January 7thLeaning Tower Of Pisa
81.8%
July 8thFIFA World Cup
79.9%
February 27thExxon
78.8%
August 2ndKuwait
77.6%
June 7thUniversal Studios
75.7%
May 16thJim Henson
74%
Date Answer % Correct
July 7thThree Tenors
73.7%
March 26thBilly Crystal
69.1%
September 29thWashington, D.C.
58.4%
May 4thVincent Van Gogh
57.2%
December 25thWorld Wide Web
55.3%
November 27thWomen
54.2%
April 24thHubble Space Telescope
52.1%
April 1stCincinnati
49.3%
December 16thHaiti
46%
March 21stNamibia
31.8%
September 5thIvan Lendl
31.6%
August 18thB.F. Skinner
17.1%

You're not logged in!

Compare scores with friends on all Sporcle quizzes.
OR
Log In

Sporcle TV

Today on Sporcle TV


Watch our educational content, quiz creation guides, and fun videos on Sporcle TV.

Show Comments

Extras

Top Quizzes Today


Score Distribution

Your Account Isn't Verified!

In order to create a playlist on Sporcle, you need to verify the email address you used during registration. Go to your Sporcle Settings to finish the process.

Report this User

Report this user for behavior that violates our Community Guidelines.

Details: